000 00435 a2200157 4500
001 148710
040 _cEscola São Tomás de Aquino
100 _aCOMPANY, M
240 1 0 _aAs sobrinhas da bruxa Onilda e Ali-Babá e os quarentas ladrões
_lpor
245 1 0 _aAs sobrinhas da bruxa Onilda e Ali-Babá e os quarentas ladrões
300 _a30
362 0 _a2001
440 1 _aScipione
697 _a*LITERATURA INFANTO
942 _cBK
999 _c148710
_d148710